[Event "33.Schlosspark-Open"]
[Site "Wiesbaden-Biebrich"]
[Date "2024.08.25"]
[Round "6.49"]
[White "Guddat, Jörn"]
[Black "Bartsch, Marius"]
[Result "1-0"]
[WhiteElo "1890"]
[BlackElo "1750"]
[PlyCount "79"]
[EventDate "2024.08.22"]
[WhiteTeam "SV Eichlinghofen 1935"]
[BlackTeam "Wiesbadener SV 1885"]

1. d4 Nf6 2. c4 g6 3. g3 Bg7 4. Nf3 O-O 5. Bg2 d6 6. Nc3 c6 7. O-O Qa5 8. Bd2 Qh5 9. Nh4 e5 10. dxe5 dxe5 11. e4 Qxd1 12. Raxd1 Be6 13. b3 Nbd7 14. h3 Rfe8 15. Be3 Bf8 16. Na4 b6 17. f4 exf4 18. gxf4 Nxe4 19. Bxe4 Bxh3 20. Bxc6 Rad8 21. Rfe1 Bb4 22. Bd2 Rxe1+ 23. Bxe1 Bxe1 24. Rxe1 Nf6 25. Re2 Bg4 26. Bf3 h5 27. Bxg4 hxg4 28. Nc3 Rd3 29. Ne4 Rd1+ 30. Kf2 Nh5 31. Ng2 f5 32. Rd2 Rh1 33. Ng3 Rh3 34. Nxh5 gxh5 35. Rd5 h4 36. Rxf5 Rf3+ 37. Kg1 h3 38. Nh4 h2+ 39. Kh1 g3 40. Nxf3 1-0

[Event "33.Schlosspark-Open"]
[Site "Wiesbaden-Biebrich"]
[Date "2024.08.25"]
[Round "6.50"]
[White "Frohneberg, Paul"]
[Black "Kolker, Vladislav"]
[Result "1-0"]
[WhiteElo "1705"]
[BlackElo "1886"]
[PlyCount "87"]
[EventDate "2024.08.22"]
[WhiteTeam "Kreuznacher SV 1921 e.V."]
[BlackTeam "SC Bad Nauheim"]

1. e4 e5 2. Nf3 Nc6 3. Bc4 Nf6 4. Ng5 d5 5. exd5 Na5 6. Bb5+ c6 7. dxc6 bxc6 8. Bd3 h6 9. Ne4 Nd5 10. O-O Nf4 11. Be2 Nxe2+ 12. Qxe2 Be7 13. d3 O-O 14. Nbc3 Rb8 15. f4 exf4 16. Bxf4 Rxb2 17. Rab1 Rxb1 18. Rxb1 f5 19. Nf2 Bf6 20. Be5 Nb7 21. d4 Nd6 22. Na4 Be6 23. c3 Bd5 24. Rb4 Qe7 25. Nc5 Re8 26. Nfd3 Nc4 27. Rb7 Qd8 28. Nd7 Bxe5 29. N3xe5 Nxe5 30. Nxe5 Re7 31. Rxe7 Qxe7 32. c4 Bf7 33. Qf3 c5 34. Qxf5 cxd4 35. Qxf7+ Qxf7 36. Nxf7 Kxf7 37. Kf2 Ke6 38. Ke2 Kd6 39. Kd3 Kc5 40. g4 g6 41. h4 h5 42. g5 a6 43. a3 a5 44. a4 1-0

[Event "33.Schlosspark-Open"]
[Site "Wiesbaden-Biebrich"]
[Date "2024.08.25"]
[Round "6.51"]
[White "Gerber, Ingo"]
[Black "Kail, Sindy"]
[Result "0-1"]
[WhiteElo "1693"]
[BlackElo "1879"]
[PlyCount "38"]
[EventDate "2024.08.22"]
[WhiteTeam "Sfr.Mainz 1928"]
[BlackTeam "SK 1925 Großwallstadt"]

1. Nf3 d5 2. d4 Nf6 3. Bf4 Nbd7 4. e3 e6 5. Nbd2 c5 6. Be2 Be7 7. c3 O-O 8. Qc2 a6 9. dxc5 Nxc5 10. Rd1 b5 11. Ne5 Qb6 12. O-O Bb7 13. Bg5 Qc7 14. Nd3 Na4 15. Bf4 Bd6 16. Bxd6 Qxd6 17. Nf3 Rac8 18. Qb1 Ne4 19. Nb4 Naxc3 0-1

[Event "33.Schlosspark-Open"]
[Site "Wiesbaden-Biebrich"]
[Date "2024.08.25"]
[Round "6.52"]
[White "Gärtner, David"]
[Black "Schmitt, Clemens"]
[Result "1/2-1/2"]
[WhiteElo "1661"]
[BlackElo "1868"]
[PlyCount "49"]
[EventDate "2024.08.22"]
[WhiteTeam "Sfr.Mainz 1928"]
[BlackTeam "SV Bergwinkel"]

1. d4 d5 2. c4 c6 3. Nf3 Nf6 4. Nc3 e6 5. Bg5 h6 6. Bh4 dxc4 7. e3 b5 8. a4 Bb4 9. Qc2 O-O 10. Be2 Bb7 11. O-O a6 12. Ne4 Nbd7 13. Ne5 Be7 14. Nxd7 Nxd7 15. Bg3 f5 16. Nd6 Bxd6 17. Bxd6 Re8 18. Bh5 Nf6 19. Bxe8 Qxd6 20. Bg6 Ng4 21. g3 c5 22. Qe2 cxd4 23. exd4 Qd5 24. f3 Qxd4+ 25. Kh1 1/2-1/2

[Event "33.Schlosspark-Open"]
[Site "Wiesbaden-Biebrich"]
[Date "2024.08.25"]
[Round "6.55"]
[White "Hauptmann, Thomas"]
[Black "Stehning, Michel"]
[Result "1/2-1/2"]
[WhiteElo "1984"]
[BlackElo "1778"]
[PlyCount "43"]
[EventDate "2024.08.22"]
[WhiteTeam "Fischer Z"]
[BlackTeam "SF Braunfels"]

1. e4 c6 2. c4 d5 3. cxd5 cxd5 4. exd5 Nf6 5. Bb5+ Nbd7 6. Nc3 g6 7. Nf3 Bg7 8. O-O O-O 9. d4 Nb6 10. h3 Nbxd5 11. Re1 Qb6 12. Bc4 e6 13. Qb3 Qxb3 14. axb3 Rd8 15. Bg5 Ne7 16. Rad1 b6 17. d5 Nexd5 18. Nxd5 exd5 19. Bxf6 Bxf6 20. Bxd5 Rb8 21. b4 Bb7 22. Bxb7 1/2-1/2

[Event "33.Schlosspark-Open"]
[Site "Wiesbaden-Biebrich"]
[Date "2024.08.25"]
[Round "6.56"]
[White "Förster, Jürgen"]
[Black "Kupke, Jonas"]
[Result "0-1"]
[WhiteElo "1956"]
[BlackElo "1770"]
[PlyCount "92"]
[EventDate "2024.08.22"]
[WhiteTeam "SVG Eppstein 1932"]
[BlackTeam "Wiesbadener SV 1885"]

1. d4 Nf6 2. Nf3 c5 3. e3 g6 4. c3 Bg7 5. Nbd2 O-O 6. Be2 Nc6 7. O-O d5 8. Re1 Nd7 9. e4 dxe4 10. Nxe4 cxd4 11. Nxd4 Nxd4 12. cxd4 e6 13. Rb1 Qh4 14. Bf3 h6 15. Be3 Nb6 16. Nd6 Qe7 17. Nxc8 Raxc8 18. Qb3 Qd7 19. d5 Nxd5 20. Bxd5 Qxd5 21. Qxd5 exd5 22. Bxa7 Rc2 23. Rec1 Rxc1+ 24. Rxc1 Ra8 25. Be3 Bxb2 26. Rb1 Rxa2 27. Bxh6 Ra1 28. Rxa1 Bxa1 29. Kf1 Bc3 30. Ke2 b5 31. Kd3 d4 32. g4 f6 33. f3 f5 34. h3 Kf7 35. Bg5 Ke6 36. h4 Ke5 37. h5 gxh5 38. gxh5 Ke6 39. h6 Kf7 40. h7 Kg7 41. h8=Q+ Kxh8 42. Bf6+ Kh7 43. Bxd4 Bxd4 44. Kxd4 Kg6 45. Kc5 Kg5 46. Kxb5 Kf4 0-1

[Event "33.Schlosspark-Open"]
[Site "Wiesbaden-Biebrich"]
[Date "2024.08.25"]
[Round "6.57"]
[White "Steigleder, Maximilian"]
[Black "Busch, Malte"]
[Result "1-0"]
[WhiteElo "1784"]
[BlackElo "1875"]
[PlyCount "63"]
[EventDate "2024.08.22"]
[WhiteTeam "Sfr.1932 Kelkheim"]
[BlackTeam "SC 1979 Hattersheim"]

1. e4 d6 2. d4 Nf6 3. Nc3 c6 4. Nf3 Bg4 5. a4 a5 6. Be3 e6 7. h3 Bh5 8. Bd3 Be7 9. O-O O-O 10. g4 Bg6 11. Nh4 Bxe4 12. Nxe4 Nxe4 13. Bxe4 Bxh4 14. g5 Bxg5 15. Qh5 Bh6 16. Bxh6 f5 17. Bg5 Qb6 18. Bd3 Qxd4 19. b3 Nd7 20. Rad1 Qc5 21. Be7 Rf7 22. Bxd6 Qxd6 23. Bxf5 Qe5 24. Qxh7+ Kf8 25. Qh8+ Ke7 26. Qxa8 Rxf5 27. Qxb7 Rg5+ 28. Kh1 Qe4+ 29. f3 Qxc2 30. Qxd7+ Kf6 31. Qd4+ e5 32. Qd8+ 1-0

[Event "33.Schlosspark-Open"]
[Site "Wiesbaden-Biebrich"]
[Date "2024.08.25"]
[Round "6.58"]
[White "Börsch, Dieter"]
[Black "Launert, Martin"]
[Result "1-0"]
[WhiteElo "1760"]
[BlackElo "1874"]
[PlyCount "41"]
[EventDate "2024.08.22"]
[WhiteTeam "SK Bad Homburg 1927"]
[BlackTeam "SF Eltville"]

1. d4 d5 2. c4 dxc4 3. Nf3 Nf6 4. e3 Bg4 5. Bxc4 e6 6. Nc3 Nbd7 7. O-O Nb6 8. Be2 Be7 9. Ne5 Bxe2 10. Qxe2 O-O 11. Rd1 c6 12. e4 Qc7 13. Bf4 Bd6 14. Rac1 Qe7 15. Bg5 Qe8 16. Bxf6 gxf6 17. Ng4 Be7 18. Nh6+ Kg7 19. Rd3 f5 20. exf5 Kxh6 21. Rh3+ 1-0

[Event "33.Schlosspark-Open"]
[Site "Wiesbaden-Biebrich"]
[Date "2024.08.25"]
[Round "6.59"]
[White "Schellen, Sven"]
[Black "Yozgyur, Ediz"]
[Result "1-0"]
[WhiteElo "1873"]
[BlackElo "1758"]
[PlyCount "89"]
[EventDate "2024.08.22"]
[WhiteTeam "SV Frankfurt Nord 1926"]
[BlackTeam "Kreuznacher SV 1921 e.V."]

1. b4 e6 2. Bb2 Nf6 3. b5 d5 4. e3 Bd6 5. Nf3 Bd7 6. Be2 O-O 7. c4 c6 8. a4 Re8 9. Ne5 Qc7 10. f4 Ne4 11. d3 Bb4+ 12. Kf1 Nd6 13. Bh5 Rf8 14. Qg4 f6 15. cxd5 cxd5 16. Nxd7 Qxd7 17. f5 Nxf5 18. Qxb4 Nxe3+ 19. Ke2 Nc2 20. Qb3 Nxa1 21. Bxa1 Qd6 22. Bb2 Nd7 23. d4 Qf4 24. Bf3 Nb6 25. Nd2 Rac8 26. g3 Qd6 27. Ba3 Qc7 28. Bxf8 Rxf8 29. a5 Nc4 30. Nxc4 dxc4 31. Qc3 Rd8 32. Rd1 Kf7 33. d5 Qd6 34. Qxc4 Qe5+ 35. Kf1 exd5 36. Rxd5 Qa1+ 37. Rd1+ Kg6 38. Rxa1 h5 39. Qc5 f5 40. Re1 f4 41. Qxh5+ Kf6 42. Qh4+ Kf7 43. Re7+ Kf8 44. Rxb7 Re8 45. Qh8# 1-0

[Event "33.Schlosspark-Open"]
[Site "Wiesbaden-Biebrich"]
[Date "2024.08.25"]
[Round "6.60"]
[White "Hipler, Andreas"]
[Black "Kail, Thomas"]
[Result "1-0"]
[WhiteElo "1862"]
[BlackElo "1679"]
[PlyCount "103"]
[EventDate "2024.08.22"]
[WhiteTeam "SK Gau-Algesheim"]
[BlackTeam "SK 1925 Großwallstadt"]

1. d4 d5 2. Nf3 Nf6 3. g3 g6 4. Bg2 Bg7 5. O-O O-O 6. c4 dxc4 7. Na3 Nbd7 8. Nxc4 c6 9. b3 Nb6 10. Nfe5 Bf5 11. Re1 Qc8 12. e4 Bh3 13. Ba3 Re8 14. Rc1 Bxg2 15. Kxg2 Nbd7 16. d5 Nxe5 17. Nxe5 Nd7 18. Nxd7 Qxd7 19. dxc6 Qxd1 20. Rexd1 bxc6 21. Rxc6 a5 22. Rd7 e6 23. Rcc7 Red8 24. Rxf7 Be5 25. Rcd7 Rdc8 26. f4 Rc2+ 27. Kh3 Rxa2 28. fxe5 Rxa3 29. Rg7+ Kh8 30. Rxh7+ Kg8 31. Rhg7+ Kf8 32. Rb7 a4 33. bxa4 R3xa4 34. Rxg6 Rxe4 35. Rxe6 Re8 36. Rxe8+ Kxe8 37. Rb5 Ke7 38. g4 Ke6 39. Kh4 Rf4 40. Kg5 Rf8 41. h4 Rg8+ 42. Kf4 Rf8+ 43. Ke4 Rg8 44. Rb6+ Kf7 45. Kf4 Ke7 46. g5 Rf8+ 47. Rf6 Ra8 48. h5 Ra4+ 49. Kf5 Ra2 50. Rb6 Rf2+ 51. Kg6 Re2 52. e6 1-0

[Event "33.Schlosspark-Open"]
[Site "Wiesbaden-Biebrich"]
[Date "2024.08.25"]
[Round "6.61"]
[White "Rabiya, Karim"]
[Black "Joshi, Kanad"]
[Result "0-1"]
[WhiteElo "1858"]
[BlackElo "1672"]
[PlyCount "108"]
[EventDate "2024.08.22"]
[WhiteTeam "SK Niederbrechen 1948"]
[BlackTeam "SV Oberursel"]

1. e4 e5 2. Nc3 Nf6 3. g3 Bc5 4. Bg2 O-O 5. Nge2 Nc6 6. O-O a6 7. d3 d6 8. h3 h6 9. g4 Bxg4 10. hxg4 Nxg4 11. Nf4 Qh4 12. Nh3 Qg3 13. Re1 Nxf2 14. Nxf2 Bxf2+ 15. Kf1 Bxe1 16. Qxe1 Qxe1+ 17. Kxe1 Nd4 18. Kd1 c6 19. Ne2 Ne6 20. Ng3 Nf4 21. Bf3 g6 22. Be3 Kg7 23. Kd2 h5 24. Rg1 Kf6 25. Bxf4 exf4 26. Ne2 g5 27. Bxh5 Rh8 28. Rh1 Rh7 29. Bf3 Rxh1 30. Bxh1 Rh8 31. Bf3 Rh3 32. Bg4 Rh4 33. Bc8 f3 34. Ng3 g4 35. Bxb7 Kg5 36. Bxc6 Kf4 37. Nf5 Rh2+ 38. Ke1 g3 39. Nd4 Rh1+ 40. Kd2 g2 41. Nxf3 Kxf3 42. e5+ Kg3 43. Bxg2 Kxg2 44. exd6 Rh6 45. b4 Rxd6 46. a4 f5 47. b5 f4 48. c4 axb5 49. axb5 f3 50. Kc3 f2 51. c5 Rxd3+ 52. Kxd3 f1=Q+ 53. Kd4 Qxb5 54. Kd5 Qd7+ 0-1

[Event "33.Schlosspark-Open"]
[Site "Wiesbaden-Biebrich"]
[Date "2024.08.25"]
[Round "6.64"]
[White "Bolduan, Michael"]
[Black "Will, Elina"]
[Result "0-1"]
[WhiteElo "1845"]
[BlackElo "1596"]
[PlyCount "68"]
[EventDate "2024.08.22"]
[WhiteTeam "Sfr Stiller Zug Wiesbaden"]
[BlackTeam "TuS Makkabi Wiesbaden"]

1. e4 e6 2. d4 d5 3. e5 c5 4. c3 Nc6 5. Nf3 Qb6 6. Bd3 Bd7 7. O-O Be7 8. dxc5 Bxc5 9. Qe2 Nge7 10. Bf4 Ng6 11. Bg3 O-O 12. h4 a5 13. h5 Nge7 14. Na3 Bxa3 15. bxa3 Qc5 16. Rab1 Rab8 17. a4 Nf5 18. Bh2 Qxc3 19. Rfc1 Qa3 20. Qd1 Qxa2 21. g4 Nh6 22. Ng5 g6 23. Bf4 Nb4 24. Rxb4 axb4 25. Nxe6 fxe6 26. Rc2 Qxa4 27. Bxh6 Rf7 28. hxg6 hxg6 29. Bxg6 Re7 30. Bg5 Rg7 31. Qb1 b3 32. f4 bxc2 33. Qxc2 Qxc2 34. Bxc2 Rxg5 0-1

[Event "33.Schlosspark-Open"]
[Site "Wiesbaden-Biebrich"]
[Date "2024.08.25"]
[Round "6.65"]
[White "Kappeler, Georg"]
[Black "Jansen, Malte"]
[Result "1/2-1/2"]
[WhiteElo "1737"]
[BlackElo "1842"]
[PlyCount "63"]
[EventDate "2024.08.22"]
[WhiteTeam "SK Marburg 1931/72"]
[BlackTeam "SJ Herborn 1998"]

1. e4 e5 2. Nc3 Nf6 3. f4 d6 4. Nf3 Nc6 5. Bb5 Bd7 6. d3 Nd4 7. Bc4 b5 8. Bb3 Nxb3 9. axb3 exf4 10. Bxf4 Be7 11. O-O O-O 12. Ne2 Bg4 13. Ng3 Nh5 14. Nxh5 Bxh5 15. Qe1 Bf6 16. c3 Re8 17. Qg3 Bg6 18. Nd4 Qd7 19. Ra6 Qc8 20. Rfa1 Bxd4+ 21. cxd4 Qb7 22. Qh3 d5 23. e5 c6 24. Bd2 f6 25. exf6 gxf6 26. Qf3 Re6 27. Bb4 Qd7 28. Bc5 Qe8 29. Rxa7 Re1+ 30. Rxe1 Qxe1+ 31. Qf1 Qxf1+ 32. Kxf1 1/2-1/2

[Event "33.Schlosspark-Open"]
[Site "Wiesbaden-Biebrich"]
[Date "2024.08.25"]
[Round "6.66"]
[White "Michalski, Uwe"]
[Black "Liu, Jonas"]
[Result "1-0"]
[WhiteElo "1826"]
[BlackElo "1551"]
[PlyCount "78"]
[EventDate "2024.08.22"]
[WhiteTeam "Sfr.Mainz 1928"]
[BlackTeam "SV Oberursel"]

1. e4 c5 2. Nf3 d6 3. Bc4 Nf6 4. Qe2 g6 5. O-O Bg7 6. Re1 O-O 7. e5 Nfd7 8. e6 Ne5 9. exf7+ Kh8 10. Nxe5 Bxe5 11. h4 Nc6 12. c3 d5 13. Bb5 Bf6 14. h5 Rxf7 15. hxg6 hxg6 16. d3 Rh7 17. Bf4 Kg7 18. Qf3 Qh8 19. Kf1 a6 20. Bxc6 bxc6 21. Rxe7+ Bxe7 22. Be5+ Kg8 23. Bxh8 Kxh8 24. g3 Bh3+ 25. Kg1 Bg5 26. Na3 Re8 27. Nc2 c4 28. Re1 Rxe1+ 29. Nxe1 Kg7 30. dxc4 Be6 31. Qe2 Bf7 32. f4 Bf6 33. cxd5 Bxd5 34. Nf3 Bd8 35. Nh4 Bb6+ 36. Kf1 Bc5 37. b4 Bf8 38. Qxa6 Kg8 39. a4 Be4 1-0

[Event "33.Schlosspark-Open"]
[Site "Wiesbaden-Biebrich"]
[Date "2024.08.25"]
[Round "6.67"]
[White "Shanmuganathan, Adhav"]
[Black "Brauch, Manfred"]
[Result "1/2-1/2"]
[WhiteElo "1590"]
[BlackElo "1816"]
[PlyCount "69"]
[EventDate "2024.08.22"]
[WhiteTeam "SV 1934 Ffm-Griesheim"]
[BlackTeam "SG Pieroth/Burg Layen"]

1. e4 d6 2. d4 Nd7 3. c4 e5 4. d5 Ngf6 5. Nc3 Be7 6. f4 exf4 7. Bxf4 Ne5 8. Be2 Ng6 9. Bg3 O-O 10. Nf3 b6 11. O-O Nh5 12. Qe1 Nxg3 13. Qxg3 Bd7 14. a4 Bf6 15. Rfc1 Nh4 16. b4 Nxf3+ 17. Qxf3 Be5 18. b5 Qg5 19. Rab1 f5 20. Kh1 Rf6 21. Qh5 Qd2 22. Qf3 Rh6 23. h3 Rg6 24. exf5 Rg3 25. Ne4 Rxf3 26. Nxd2 Rf2 27. Re1 Bxf5 28. Rb3 Rf8 29. Nf3 Bc2 30. Ra3 Bg3 31. Nd4 Rxe2 32. Nxe2 Bxe1 33. Nd4 Bh4 34. Nxc2 Rf2 35. Nb4 1/2-1/2

[Event "33.Schlosspark-Open"]
[Site "Wiesbaden-Biebrich"]
[Date "2024.08.25"]
[Round "6.69"]
[White "Boscher, Hans"]
[Black "van Bömmel, Philipp"]
[Result "0-1"]
[WhiteElo "1724"]
[BlackElo "1800"]
[PlyCount "74"]
[EventDate "2024.08.22"]
[WhiteTeam "SC Bad Soden"]
[BlackTeam "SC 1979 Hattersheim"]

1. e4 c5 2. Nf3 Nc6 3. Bb5 d6 4. O-O Bd7 5. Re1 a6 6. Bf1 Nf6 7. c3 e6 8. d4 e5 9. d5 Ne7 10. a4 g6 11. Nbd2 b5 12. a5 Bg7 13. c4 b4 14. Bd3 O-O 15. Nf1 Ne8 16. N3d2 f5 17. Ng3 f4 18. Ngf1 g5 19. Be2 Nf6 20. f3 Qe8 21. h3 h5 22. Nh2 Qg6 23. Kf2 g4 24. hxg4 hxg4 25. Nxg4 Kf7 26. Rh1 Rh8 27. Rh3 Rxh3 28. gxh3 Rh8 29. Qg1 Rxh3 30. Nxf6 Rg3 31. Qh2 Bxf6 32. Nf1 Rh3 33. Qg2 Bh4+ 34. Kg1 Bg3 35. Bd2 Rh5 36. Nxg3 Bh3 37. Qf2 Rg5 0-1

[Event "33.Schlosspark-Open"]
[Site "Wiesbaden-Biebrich"]
[Date "2024.08.25"]
[Round "6.71"]
[White "Bährle, Julius"]
[Black "Memic, Miodrag"]
[Result "1/2-1/2"]
[WhiteElo "1603"]
[BlackElo "2009"]
[PlyCount "48"]
[EventDate "2024.08.22"]
[WhiteTeam "Sfr Stiller Zug Wiesbaden"]
[BlackTeam "SV Mainz-Mombach"]

1. Nf3 d5 2. d4 Nf6 3. g3 g6 4. Bg2 Bg7 5. O-O O-O 6. Bf4 c6 7. Nbd2 Nh5 8. Be3 Re8 9. c4 e6 10. c5 b5 11. b4 a5 12. a4 axb4 13. axb5 Rxa1 14. Qxa1 cxb5 15. Rb1 Na6 16. Nb3 Re7 17. Qa5 Qxa5 18. Nxa5 Rc7 19. Bd2 Nf6 20. Bxb4 Nxb4 21. Rxb4 Ba6 22. e3 Rc8 23. Bf1 Ne4 24. Bxb5 Rb8 1/2-1/2

[Event "33.Schlosspark-Open"]
[Site "Wiesbaden-Biebrich"]
[Date "2024.08.25"]
[Round "6.72"]
[White "Wernicke, Dieter"]
[Black "Rutsatz, Mario"]
[Result "0-1"]
[WhiteElo "1641"]
[BlackElo "1957"]
[PlyCount "75"]
[EventDate "2024.08.22"]
[WhiteTeam "SV Mainspitze Ginsheim"]
[BlackTeam "SC 1961 König Nied"]

1. e4 e6 2. Nf3 d5 3. Nc3 d4 4. Ne2 c5 5. c3 Nc6 6. cxd4 cxd4 7. Qa4 Bc5 8. b4 Bxb4 9. Nexd4 Qa5 10. Qxa5 Bxa5 11. Nxc6 bxc6 12. Ne5 Ne7 13. Nc4 Bb4 14. a3 Bc5 15. Bb2 O-O 16. d4 Bb6 17. Nxb6 axb6 18. Bc4 Ba6 19. Ba2 c5 20. dxc5 bxc5 21. Be5 Rfd8 22. Rc1 Bd3 23. Rxc5 Rxa3 24. Bc4 Bxe4 25. O-O Bd5 26. Rd1 Raa8 27. h3 Bxc4 28. Rxd8+ Rxd8 29. Rxc4 f6 30. Bf4 Nd5 31. Ra4 Kf7 32. Ra7+ Kg6 33. Bc1 h5 34. Rb7 h4 35. g4 hxg3 36. fxg3 Rc8 37. Ba3 e5 38. Bf8 0-1

[Event "33.Schlosspark-Open"]
[Site "Wiesbaden-Biebrich"]
[Date "2024.08.25"]
[Round "6.73"]
[White "Goodwin, David"]
[Black "Riedel, Thomas"]
[Result "0-1"]
[WhiteElo "1636"]
[BlackElo "1838"]
[PlyCount "62"]
[EventDate "2024.08.22"]
[WhiteTeam "SV 1920 Kelsterbach"]
[BlackTeam "SC Einrich e.V."]

1. Nf3 Nf6 2. g3 d5 3. Bg2 c5 4. d3 Nc6 5. Nbd2 e5 6. c4 e4 7. dxe4 dxe4 8. Ng5 e3 9. fxe3 Ng4 10. Nde4 Qxd1+ 11. Kxd1 f5 12. Nf2 Nxf2+ 13. Ke1 Nxh1 14. Bxh1 Nb4 15. Kd1 h6 16. Nf3 Be6 17. b3 O-O-O+ 18. Bd2 g5 19. a3 Bg7 20. Rb1 g4 21. Ne1 Bc3 22. Nd3 Nxd3 23. Bxc3 Nf2+ 24. Kc2 Rhe8 25. Bg2 f4 26. e4 fxg3 27. hxg3 Bg8 28. e5 Bh7+ 29. e4 Nxe4 30. Kb2 Nxc3 31. Kxc3 Bxb1 0-1

[Event "33.Schlosspark-Open"]
[Site "Wiesbaden-Biebrich"]
[Date "2024.08.25"]
[Round "6.74"]
[White "Cichon, Jörg"]
[Black "Felten, Pascal"]
[Result "1/2-1/2"]
[WhiteElo "1818"]
[BlackElo "1649"]
[PlyCount "35"]
[EventDate "2024.08.22"]
[WhiteTeam "Sfr.Mainz 1928"]
[BlackTeam "Bochum"]

1. e4 c5 2. Nf3 d6 3. g3 g6 4. Bg2 Bg7 5. d3 Nc6 6. c3 Nf6 7. O-O O-O 8. Re1 Re8 9. Nbd2 e5 10. Nf1 d5 11. Bg5 dxe4 12. dxe4 Qxd1 13. Raxd1 Be6 14. b3 Rad8 15. Bxf6 Bxf6 16. Ne3 Rxd1 17. Rxd1 Rd8 18. Rxd8+ 1/2-1/2

[Event "33.Schlosspark-Open"]
[Site "Wiesbaden-Biebrich"]
[Date "2024.08.25"]
[Round "6.75"]
[White "Kanagaraj, Aarav"]
[Black "Schmid, Peter"]
[Result "1-0"]
[WhiteElo "1636"]
[BlackElo "1773"]
[PlyCount "85"]
[EventDate "2024.08.22"]
[WhiteTeam "TSV Schott Mainz"]
[BlackTeam "SF Fortuna Leipzig e."]

1. Nf3 d5 2. d4 e6 3. g3 c5 4. c4 Nc6 5. cxd5 exd5 6. Bg2 Nf6 7. O-O Be7 8. Nc3 O-O 9. e3 cxd4 10. exd4 Bg4 11. h3 Bf5 12. Bf4 Bd6 13. Qd2 Qd7 14. Kh2 Bxf4 15. Qxf4 Rfe8 16. Rfe1 Nb4 17. Rxe8+ Rxe8 18. Ne5 Qc8 19. Rc1 Qe6 20. g4 Bg6 21. a3 Nd3 22. Nxd3 Bxd3 23. g5 Nh5 24. Qf3 Qd6+ 25. Kg1 Nf4 26. Bh1 Rc8 27. Re1 Be4 28. Nxe4 dxe4 29. Qg3 Rc1 30. Rxc1 Ne2+ 31. Kg2 Qxg3+ 32. fxg3 Nxc1 33. Kf1 Kf8 34. Bxe4 b6 35. Bc2 Na2 36. Ke1 b5 37. Kd2 b4 38. Bb1 b3 39. Bd3 a5 40. Bc4 a4 41. Bb5 Nb4 42. axb4 a3 43. bxa3 1-0

[Event "33.Schlosspark-Open"]
[Site "Wiesbaden-Biebrich"]
[Date "2024.08.25"]
[Round "6.76"]
[White "Winter, Victor"]
[Black "Reiß, Peter"]
[Result "1-0"]
[WhiteElo "1603"]
[BlackElo "1728"]
[PlyCount "55"]
[EventDate "2024.08.22"]
[WhiteTeam "Rodgau"]
[BlackTeam "SV Multatuli Ingelheim e.V."]

1. e4 c5 2. Nf3 d6 3. d4 cxd4 4. Nxd4 Nf6 5. Nc3 e6 6. Bg5 Be7 7. Qd2 h6 8. Bh4 a6 9. Be2 b5 10. a3 Bb7 11. Bf3 O-O 12. O-O Qb6 13. Bg3 Rd8 14. Rad1 Nc6 15. Nxc6 Bxc6 16. Rfe1 d5 17. e5 Nd7 18. Bf4 Bf8 19. Ne2 b4 20. axb4 Qxb4 21. c3 Qb7 22. Nd4 Bb5 23. Nxb5 Qxb5 24. Be2 Qb3 25. Bd3 Rdb8 26. Rb1 Nb6 27. Bc2 Nc4 28. Qd3 1-0

[Event "33.Schlosspark-Open"]
[Site "Wiesbaden-Biebrich"]
[Date "2024.08.25"]
[Round "6.78"]
[White "Milman, Sophie"]
[Black "Traut, Stefan"]
[Result "1/2-1/2"]
[WhiteElo "1574"]
[BlackElo "1713"]
[PlyCount "26"]
[EventDate "2024.08.22"]
[WhiteTeam "VSG 1880 Offenbach"]
[BlackTeam "SF Heusenstamm"]

1. e4 c5 2. Nc3 Nc6 3. f4 g6 4. Nf3 Bg7 5. Bc4 e6 6. O-O Nge7 7. d3 O-O 8. a3 d5 9. exd5 exd5 10. Ba2 b6 11. Bd2 Bb7 12. Re1 Re8 13. Rb1 Rc8 1/2-1/2

[Event "33.Schlosspark-Open"]
[Site "Wiesbaden-Biebrich"]
[Date "2024.08.25"]
[Round "6.80"]
[White "Polat, Marcel"]
[Black "Thangavelu, Kanagaraj"]
[Result "1-0"]
[WhiteElo "1776"]
[BlackElo "1670"]
[PlyCount "61"]
[EventDate "2024.08.22"]
[WhiteTeam "Vorw.Orient Mainz"]
[BlackTeam "TSV Schott Mainz"]

1. d4 d5 2. c4 c6 3. g3 Nf6 4. Bg2 Bf5 5. Nc3 e6 6. Nf3 h6 7. O-O Bb4 8. Qb3 Qb6 9. c5 Bxc5 10. dxc5 Qxb3 11. axb3 O-O 12. Bf4 Nbd7 13. b4 Rfd8 14. Bd6 Ne8 15. e4 Nxd6 16. cxd6 Bh7 17. Rfe1 f6 18. exd5 exd5 19. Bh3 Nf8 20. Re7 Ng6 21. Rxb7 Rxd6 22. b5 d4 23. Ne4 Rdd8 24. bxc6 Re8 25. Nd6 Rf8 26. Be6+ Kh8 27. Raxa7 d3 28. Rxa8 Rxa8 29. Nf7+ Kg8 30. c7 Ne7 31. Rb8+ 1-0

[Event "33.Schlosspark-Open"]
[Site "Wiesbaden-Biebrich"]
[Date "2024.08.25"]
[Round "6.82"]
[White "Lüders, Eric"]
[Black "Wöhl, Torsten"]
[Result "0-1"]
[WhiteElo "1707"]
[BlackElo "1657"]
[PlyCount "54"]
[EventDate "2024.08.22"]
[WhiteTeam "SF Hünstetten"]
[BlackTeam "SC Groß-Zimmern"]

1. e4 e6 2. d4 d5 3. Nd2 Nf6 4. e5 Nfd7 5. c3 c5 6. f4 cxd4 7. cxd4 Nc6 8. Ndf3 Qa5+ 9. Bd2 Bb4 10. a3 Bxd2+ 11. Qxd2 Qxd2+ 12. Kxd2 Na5 13. Kc2 Nc4 14. Ne2 f6 15. Nc3 Ne3+ 16. Kd2 Nxf1+ 17. Rhxf1 a6 18. b4 f5 19. Na4 h6 20. Rac1 O-O 21. Ne1 b5 22. Nc5 Nb6 23. Rc3 a5 24. Ned3 Nc4+ 25. Ke2 axb4 26. axb4 Ra2+ 27. Kf3 Nd2+ 0-1

[Event "33.Schlosspark-Open"]
[Site "Wiesbaden-Biebrich"]
[Date "2024.08.25"]
[Round "6.83"]
[White "Guddat, Fabian"]
[Black "Vick, Edward"]
[Result "1/2-1/2"]
[WhiteElo "1698"]
[BlackElo "1640"]
[PlyCount "52"]
[EventDate "2024.08.22"]
[WhiteTeam "Bochum"]
[BlackTeam "TuS Makkabi Wiesbaden"]

1. d4 Nf6 2. Nf3 e6 3. Bg5 d5 4. e3 Nbd7 5. Bd3 c5 6. c3 c4 7. Bc2 Bd6 8. Nbd2 b5 9. e4 Be7 10. e5 Ng8 11. Bxe7 Nxe7 12. O-O f5 13. Ng5 Nb6 14. f4 h6 15. Nh3 Bd7 16. Rf3 Qc7 17. Nf2 O-O-O 18. b3 g5 19. b4 g4 20. Re3 Ng6 21. g3 h5 22. Nf1 h4 23. Nxg4 hxg3 24. Rxg3 Nxf4 25. Nf6 Nh3+ 26. Kg2 Nf4+ 1/2-1/2

[Event "33.Schlosspark-Open"]
[Site "Wiesbaden-Biebrich"]
[Date "2024.08.25"]
[Round "6.84"]
[White "Busch, Günther"]
[Black "Stojanoski, Stefan"]
[Result "1/2-1/2"]
[WhiteElo "1679"]
[BlackElo "1587"]
[PlyCount "27"]
[EventDate "2024.08.22"]
[WhiteTeam "Sfr Stiller Zug Wiesbaden"]
[BlackTeam "SAbt TuS Makkabi Ffm"]

1. Nf3 Nf6 2. c4 c5 3. Nc3 Nc6 4. g3 e5 5. d3 d6 6. Bg2 h6 7. O-O Be7 8. h3 O-O 9. e4 Nd4 10. Ne1 Be6 11. Nc2 Qd7 12. Kh2 Rfc8 13. Ne3 Qe8 14. Nc2 1/2-1/2

[Event "33.Schlosspark-Open"]
[Site "Wiesbaden-Biebrich"]
[Date "2024.08.25"]
[Round "6.85"]
[White "Held, Gerd"]
[Black "Senger, Raphaela"]
[Result "1-0"]
[WhiteElo "1674"]
[BlackElo "1547"]
[PlyCount "49"]
[EventDate "2024.08.22"]
[WhiteTeam "SC Groß-Zimmern"]
[BlackTeam "SF Fortuna Leipzig e."]

1. c4 e5 2. g3 d5 3. Bg2 Nf6 4. cxd5 Nxd5 5. Nc3 c6 6. Nf3 Nxc3 7. bxc3 e4 8. Nd4 e3 9. O-O exf2+ 10. Rxf2 Bc5 11. e3 O-O 12. Qf3 Nd7 13. Nb3 Ne5 14. Qh5 Bd6 15. Qe2 Bg4 16. Qf1 Qd7 17. d4 Ng6 18. Nd2 Rae8 19. Ne4 Ne7 20. Nxd6 Qxd6 21. e4 f5 22. e5 Qg6 23. c4 Rd8 24. Ba3 Rf7 25. Re1 $138 1-0